000 00734nam a2200241Ia 4500
003 OSt
005 20220912150825.0
006 a|||||r|||| 00| 0
007 ta
008 220909b |||||||| |||| 00| 0 eng d
024 _a23812
037 _cTextual
040 _aCSL
_beng
_cCSL
041 _aeng
082 _aB6v51.C, B9
100 _aAllman George Johnston
245 0 _aGreek geometry from Thales to Euclid
260 _aDublin
_bHodges and Figgis
_c1889
300 _axii, 237p.
_ccm. ill
490 _aHistroy of Ideas in Ancient Greece. Dublin University Press series. History of ideas in ancient Greece
942 _hB6v51.C, B9
_cTEXL
_2CC
999 _c55683
_d55683